[Event "GER CupT"]
[Site "Germany"]
[Date "1992.??.??"]
[Round "?"]
[White "Otte, Lars"]
[Black "Witke, Thomas"]
[Result "0-1"]
[WhiteElo "2240"]
[BlackElo "2265"]

1.Nf3 d5 2.g3 Nf6 3.Bg2 Bg4 4.O-O e6 5.d3 Bd6 6.Nbd2 Nbd7 7.b3 O-O 8.Bb2 Qe7
9.Re1 Ba3 10.Bxa3 Qxa3 11.h3 Bxf3 12.Bxf3 a5 13.e4 c6 14.e5 Ne8 15.Qc1 Qc5
16.c3 d4 17.cxd4 Qxd4 18.Qc4 Qb2 19.Qf4 Nxe5 20.Qxe5 Qxd2 21.Red1 Qb4 22.Be4 Nf6
23.a3 Qb6 24.Qb2 Rfd8 25.Bg2 Rd4 26.Qc2 Rad8 27.Rac1 Qb5 28.Qc5 Qa6 29.Rc3 h6
30.Qe5 Qb6 31.Qc5 Qxc5 32.Rxc5 Rxd3 33.Rxd3 Rxd3 34.Rxa5 Rxb3 35.Ra8+ Kh7
36.Rb8 Nd7 37.Rd8 Nc5 38.Rf8 Kg6  0-1

[Event "GER CupT"]
[Site "Germany"]
[Date "1992.??.??"]
[Round "?"]
[White "Gutman, Lev"]
[Black "Migl, Dieter"]
[Result "1-0"]
[WhiteElo "2465"]
[BlackElo "2285"]

1.Nf3 d5 2.g3 Nf6 3.Bg2 e6 4.O-O Be7 5.b3 b6 6.Bb2 O-O 7.c4 Bb7 8.d3 c5 9.e3 dxc4
10.bxc4 Nc6 11.Qe2 Qc7 12.Nc3 a6 13.Ne1 Na7 14.g4 Bxg2 15.Nxg2 Rfd8 16.g5 Ne8
17.f4 Bf8 18.f5 Nd6 19.fxe6 fxe6 20.Nf4 Re8 21.Rf3 Nc6 22.Raf1 Ne5 23.Rh3 g6
24.Ncd5 exd5 25.Nxd5 Qg7 26.Nf6+ Kh8 27.Qg2 Rad8 28.Nxh7 Qxh7 29.Rxf8+ Rxf8
30.Bxe5+ Kg8 31.Rxh7 Kxh7 32.Qh3+ Kg8 33.Qh8+ Kf7 34.Qf6+ Ke8 35.Qe6+  1-0

[Event "Bundesliga 9192"]
[Site "Germany"]
[Date "1992.??.??"]
[Round "?"]
[White "Vaganian, Rafael A"]
[Black "Enders, Peter"]
[Result "1-0"]
[WhiteElo "2590"]
[BlackElo "2475"]

1.Nf3 d5 2.g3 Nf6 3.Bg2 e6 4.c4 dxc4 5.Qa4+ Nbd7 6.Qxc4 c5 7.Qb3 Rb8 8.d3 Bd6
9.Nc3 a6 10.Ng5 b6 11.Nce4 Nxe4 12.Nxe4 Be7 13.Bf4 e5 14.Be3 O-O 15.O-O Bb7
16.a4 Bxe4 17.Bxe4 a5 18.Bd2 Bg5 19.Bc3 Kh8 20.Bc6 Qc7 21.Qd5 Rbd8 22.Bxd7 Rxd7
23.Qxe5 Qxe5 24.Bxe5 Re8 25.f4 Bf6 26.Bxf6 gxf6 27.Kf2 Rd4 28.b3 f5 29.Rfc1 Kg7
30.Ra2 Rd6 31.Rd2 Red8 32.Rc3 h5 33.e3 Kf6 34.Ke2 h4 35.d4 hxg3 36.hxg3 cxd4
37.Rcd3 Ke6 38.Rxd4 Rxd4 39.Rxd4 Rc8 40.Rc4 Rb8 41.Rc6+ Ke7 42.Kd3 b5 43.Rc5 bxa4
44.bxa4 Rb3+ 45.Kd2 Kf6 46.Rxa5 Ra3 47.Ra6+ Kg7 48.Ke2 Ra1 49.Kd3 Ra3+ 50.Kd4 Rb3
51.Rc6 Ra3 52.Rc4 Kg6 53.Kc5 Kh5 54.Kb4 Rxe3 55.Rc3  1-0

[Event "Bundesliga 9192"]
[Site "Germany"]
[Date "1992.??.??"]
[Round "?"]
[White "Ruf, Matthias"]
[Black "Loew, Gerald"]
[Result "0-1"]
[WhiteElo "2395"]
[BlackElo "2285"]

1.Nf3 d5 2.g3 c6 3.Bg2 Bg4 4.c4 e6 5.b3 Nd7 6.Bb2 f5 7.Nd4 Kf7 8.h3 Bh5 9.cxd5 cxd5
10.Nc3 Ngf6 11.Rc1 Rc8 12.O-O Bd6 13.d3 a6 14.Qd2 Bg6 15.Nc2 Qe7 16.a3 Rhf8
17.b4 Kg8 18.f4 b5 19.Qe3 Rc7 20.Nd4 Bf7 21.Nb1 Rfc8 22.Nd2 Nh5 23.Rxc7 Rxc7
24.g4 fxg4 25.hxg4 Nhf6 26.Bh3 Nf8 27.N2f3 h6 28.g5 Nh5 29.Ne5 Bxe5 30.Qxe5 Ng6
31.Qe3 Nhxf4 32.Rxf4 Qxg5+ 33.Kh1 Nxf4 34.Nf3 Qg3 35.Bf1 Bh5 36.Be5 Bxf3+
37.exf3 Rf7  0-1

[Event "Bundesliga 9192"]
[Site "Germany"]
[Date "1992.??.??"]
[Round "?"]
[White "Podzielny, Karl Heinz"]
[Black "Kraut, Rainer"]
[Result "0-1"]
[WhiteElo "2450"]
[BlackElo "2405"]

1.Nf3 d5 2.g3 Bg4 3.Bg2 Nd7 4.O-O e6 5.b3 Ngf6 6.c4 c6 7.Bb2 Bd6 8.d3 O-O
9.Nbd2 Qe7 10.a3 a5 11.Qc2 e5 12.h3 Bh5 13.e3 Bg6 14.Nh4 b5 15.Nxg6 hxg6
16.Rfc1 bxc4 17.bxc4 Rfb8 18.Ra2 Ra7 19.Rd1 Rab7 20.Bc1 Nc5 21.g4 g5 22.Nf3 Nxd3
23.cxd5 cxd5 24.Qxd3 e4 25.Qe2 exf3 26.Qxf3 Ne4 27.Rc2 Rc7 28.Rxc7 Qxc7 29.Bd2 Bxa3
30.Be1 Nf6 31.Qf5 Bb4 32.Bxb4 axb4 33.h4 b3 34.hxg5 Qc2 35.Rf1 Qxf5 36.gxf5 b2
37.Rb1 Nd7 38.Bxd5 Nc5 39.Bc6 Rb6 40.Kg2 Rxc6 41.Rxb2 Ne4 42.Rb8+ Kh7 43.Rf8 Nxg5
44.f4 Rc2+ 45.Kf1 Ne4 46.Rxf7 Kg8 47.Re7 Ng3+ 48.Ke1 Nxf5 49.Re5 Ng3 50.Kd1 Re2
51.Re7 Kf8 52.Re4 Kf7 53.Re5 g6 54.f5 g5 55.Re6 Rf2 56.e4 Rf4  0-1

[Event "Bundesliga 9192"]
[Site "Germany"]
[Date "1992.??.??"]
[Round "?"]
[White "Podzielny, Karl Heinz"]
[Black "Budnikov, Alexandar"]
[Result "1-0"]
[WhiteElo "2455"]
[BlackElo "2525"]

1.Nf3 d5 2.g3 Bg4 3.Bg2 c6 4.O-O Nd7 5.b3 e5 6.c4 Bd6 7.Bb2 Ngf6 8.cxd5 cxd5
9.Nc3 h6 10.Nb5 Bb8 11.Ba3 Nb6 12.d4 e4 13.Ne5 a6 14.Nc3 Bd6 15.Bc5 Be6 16.f4 O-O
17.a4 Re8 18.b4 Nc8 19.a5 Bc7 20.e3 Bd7 21.Qb3 Bb5 22.Nxb5 axb5 23.Rfc1 Nd6
24.Bxd6 Qxd6 25.Bf1 Reb8 26.Bxb5 Bd8 27.Bf1 h5 28.Bh3 Be7 29.Rab1 Rd8 30.Qc3 Ne8
31.b5 g6 32.a6 Qb6 33.axb7 Qxb7 34.Qc6 Rab8 35.Qxb7 Rxb7 36.Nc6 Rd6 37.Bc8 Rc7
38.Nxe7+ Rxe7 39.b6  1-0

[Event "Bundesliga 9192"]
[Site "Germany"]
[Date "1992.??.??"]
[Round "?"]
[White "Nagatz, Frank"]
[Black "Dietze, Wolfgang"]
[Result "1-0"]
[WhiteElo "2255"]
[BlackElo "2290"]

1.Nf3 d5 2.g3 c5 3.Bg2 Nc6 4.c4 Nf6 5.O-O g6 6.d4 cxd4 7.Nxd4 Nxd4 8.Qxd4 dxc4
9.Qxd8+ Kxd8 10.Rd1+ Nd7 11.Na3 c3 12.bxc3 Bg7 13.Be3 a6 14.Rab1 Kc7 15.Nc4 Rb8
16.Nb6 Be5 17.Nxd7 Bxd7 18.Bb6+ Kc8 19.Ba7 b5 20.Bxb8 Bxb8 21.Bb7+  1-0

[Event "Bundesliga 9192"]
[Site "Germany"]
[Date "1992.??.??"]
[Round "?"]
[White "Kohlweyer, Bernd"]
[Black "Thesing, Matthias"]
[Result "1-0"]
[WhiteElo "2405"]
[BlackElo "2415"]

1.Nf3 d5 2.g3 Nf6 3.Bg2 g6 4.O-O Bg7 5.d4 O-O 6.c4 c6 7.Qb3 b6 8.Nc3 e6 9.Bg5 Bb7
10.Rfd1 Nbd7 11.Ne5 h6 12.Bxf6 Bxf6 13.cxd5 exd5 14.e4 Nxe5 15.dxe5 Bxe5
16.exd5 cxd5 17.Nxd5 Rb8 18.Qe3 Re8 19.Qxh6 Bxb2 20.Rab1 Bg7 21.Qd2 Qd6 22.Qc2 Qc5
23.Qd2 Re5 24.Rbc1 Qd6 25.Qf4 g5 26.Qf3 Bxd5 27.Rxd5 Rxd5 28.Qxd5 Qxd5 29.Bxd5 Rd8
30.Bb3 Rd7 31.Rc8+ Kh7 32.Bc2+ Kh6 33.Bf5 Rd1+ 34.Kg2 Be5 35.Ra8 Kg7 36.Rxa7 Kf8
37.Bc2 Rd2 38.Bb3 f6 39.Kf3 Bd4 40.Ke4 Bxf2 41.Rf7+ Ke8 42.Rxf6 Bc5 43.Rh6 g4
44.Kf5 Bg1 45.Kxg4 Rxh2 46.Re6+ Kf8 47.Kg5 Rh7 48.Rf6+ Ke7 49.Rf3 Rh3 50.Rf7+ Ke8
51.Kg4 Rh6 52.Rf1 Bc5 53.Kg5 Be3+ 54.Kf5 Bd4 55.Rd1 Rd6 56.g4 Kf8 57.g5 Bc5
58.Re1 Rc6 59.Ba4 Rd6 60.Re8+ Kf7 61.Ra8 Rd5+ 62.Kg4 Re5 63.Bb3+ Kg7 64.Rg8+ Kh7
65.g6+ Kh6 66.Bc2 Re7 67.Kf5 Bd4 68.Rd8 Be3 69.Bb3 Bc1 70.Rh8+ Kg7 71.Rh7+ Kf8
72.Rxe7  1-0

[Event "Bundesliga 9192"]
[Site "Germany"]
[Date "1992.??.??"]
[Round "?"]
[White "Gutman, Lev"]
[Black "Backwinkel, Paul"]
[Result "1-0"]
[WhiteElo "2465"]
[BlackElo "2400"]

1.Nf3 d5 2.g3 c6 3.Bg2 Bg4 4.O-O Nd7 5.Qe1 Ngf6 6.a4 a5 7.d3 e6 8.e4 dxe4
9.dxe4 Bc5 10.Nbd2 O-O 11.Nc4 Bxf3 12.Bxf3 Qc7 13.Bf4 e5 14.Bd2 b6 15.Rd1 h6
16.Bc3 Rfe8 17.b3 Nf8 18.Bg2 N6h7 19.Kh1 Ng6 20.h4 Nhf8 21.h5 Nh8 22.f4 f6
23.Qe2 Nf7 24.fxe5 fxe5 25.Bh3 Rad8 26.Rxd8 Rxd8 27.Bf5 Bd4 28.Bd2 Qe7 29.Qg4 Ng5
30.c3 Bc5 31.Bxg5 hxg5 32.Bg6 Rd3 33.Kg2 Rxc3 34.Rf7 Qd8 35.Nxe5 Nxg6 36.hxg6 Qe8
37.Qh5 Rxg3+ 38.Kh2  1-0

[Event "Bundesliga 9192"]
[Site "Germany"]
[Date "1992.??.??"]
[Round "?"]
[White "Geveke, Michael"]
[Black "Mueller, Mat"]
[Result "1/2-1/2"]
[WhiteElo "2330"]
[BlackElo "2355"]

1.Nf3 d5 2.g3 Nf6 3.Bg2 e6 4.O-O Be7 5.d3 c5 6.Nbd2 Nc6 7.e4 O-O 8.Re1 b5
9.e5 Nd7 10.Nf1 a5 11.h4 b4 12.N1h2 Ba6 13.Bg5 a4 14.a3 bxa3 15.Rxa3 Bxg5
16.hxg5 Qb8  1/2-1/2

[Event "Bundesliga 9192"]
[Site "Germany"]
[Date "1992.??.??"]
[Round "?"]
[White "Geveke, Michael"]
[Black "Boensch, Uwe"]
[Result "0-1"]
[WhiteElo "2330"]
[BlackElo "2560"]

1.Nf3 d5 2.g3 c6 3.Bg2 Bg4 4.d3 Nd7 5.Nbd2 e6 6.O-O Bd6 7.b3 Ne7 8.Bb2 O-O
9.e4 c5 10.Qc1 Nc6 11.Nh4 Nb6 12.f4 Nd4 13.Kh1 Rc8 14.Rf2 Be7 15.Nhf3 Nxf3
16.Nxf3 Bxf3 17.Bxf3 c4 18.dxc4 dxc4 19.Rd2 Qc7 20.Be5 Qc6 21.Qf1 Nd7 22.Bd6 Bxd6
23.e5 Qc5 24.Rxd6 Rc7 25.Rad1 Nb6 26.Qg2 Qa3 27.Rd8 g6 28.Rxf8+ Kxf8 29.Qh3 Kg7
30.Qh4 Rd7 31.Qf6+ Kg8 32.Rxd7 Nxd7 33.Qd8+ Nf8 34.Bxb7 Qc1+ 35.Kg2 Qxc2+
36.Kh3 c3 37.Qd4 Qf5+ 38.g4 Qc2 39.Be4 Qc1 40.Qf2 Nd7 41.Kg3 Nb6 42.Kf3 Nd5
43.Bxd5 c2  0-1

[Event "Bundesliga 9192"]
[Site "Germany"]
[Date "1992.??.??"]
[Round "?"]
[White "Dizdar, Goran"]
[Black "Pfleger, Helmut"]
[Result "0-1"]
[WhiteElo "2530"]
[BlackElo "2495"]

1.Nf3 d5 2.g3 Nf6 3.Bg2 g6 4.b3 Bg7 5.Bb2 O-O 6.O-O c6 7.c4 a5 8.d3 a4 9.Na3 Na6
10.Nc2 Re8 11.Qc1 Qb6 12.Bd4 c5 13.Be5 axb3 14.axb3 Rd8 15.Qb2 Ne8 16.cxd5 Rxd5
17.Bxg7 Nxg7 18.Ne5 Rd8 19.Nc4 Qe6 20.Rfe1 Nf5 21.b4 cxb4 22.Nxb4 Nd4 23.Nxa6 Rxa6
24.Rxa6 bxa6 25.e3 Nb5 26.Qc2 Qf5 27.Be4 Qh5 28.d4 Be6 29.Nb6 Nd6 30.Bg2 Bh3
31.Qc5 Nf5 32.Bxh3 Qxh3 33.Nd5 Re8 34.Qc6  0-1

[Event "Bundesliga 9192"]
[Site "Germany"]
[Date "1992.??.??"]
[Round "?"]
[White "Bezold, Michael"]
[Black "Reefschlaeger, Helmut"]
[Result "1-0"]
[WhiteElo "2345"]
[BlackElo "2400"]

1.Nf3 d5 2.g3 c6 3.Bg2 Nf6 4.O-O Bg4 5.d4 Nbd7 6.Nbd2 e6 7.Re1 Bd6 8.e4 dxe4
9.Nxe4 Nxe4 10.Rxe4 Nf6 11.Re1 O-O 12.c3 Re8 13.Qb3 Qc7 14.Ne5 Bxe5 15.Rxe5 Qb6
16.Re1 Bf5 17.Bf4 Nd5 18.Be5 Red8 19.Qa3 Bd3 20.Rac1 Qa6 21.Bd6 Rd7 22.Qxa6 Bxa6
23.Ba3 Bd3 24.Bf3 a5 25.Bc5 Nc7 26.a4 g5 27.Kg2 h6 28.b3 Bg6 29.h3 Nd5 30.Re2 Nf6
31.c4 Bh5 32.g4 Bg6 33.Kg3 Ra6 34.Rd1 Kg7 35.Bg2 Ra8 36.Rdd2 Ne8 37.Re5 Ra6
38.h4 Nc7 39.Ba3 f6 40.Ree2 Rb6 41.Re3 e5 42.Bd6 Nd5 43.Bxd5 Rxd6 44.dxe5 Rd8
45.exf6+ Kf8 46.Be4  1-0

[Event "BL2-W9192"]
[Site "Germany"]
[Date "1992.??.??"]
[Round "?"]
[White "Schmidt, Bodo"]
[Black "Meyer, Peter"]
[Result "1/2-1/2"]
[WhiteElo "2340"]
[BlackElo "2320"]

1.Nf3 d5 2.g3 c6 3.Bg2 Bg4 4.O-O Nd7 5.d3 e6 6.Nbd2 Bd6 7.h3 Bh5 8.Qe1 Ne7
9.e4 O-O 10.Nh4 Qc7 11.d4 Ng6 12.Nhf3 f5 13.Ng5 Rfe8 14.e5 Bf8 15.f4 h6 16.Ngf3 c5
17.c3 Ne7 18.Nb3 c4 19.Nbd2 b5 20.Rf2 b4 21.Nf1 Rab8 22.Ne3 Bf7 23.g4 g6
24.Nh4 Qa5 25.Bf3 Kh7 26.Kh2 bxc3 27.bxc3 Nb6 28.Rg2 Bg7 29.gxf5 gxf5 30.a4 Nxa4
31.Ba3 Qxc3 32.Qg1 Bh8 33.Bxe7 Rxe7 34.Nhxf5 exf5 35.Nxf5 Be6 36.Nxe7 Qxf3
37.f5 Rb3 38.Rg7+ Bxg7 39.Qg6+ Kh8 40.Qe8+ Kh7 41.Qg6+ Kh8  1/2-1/2

[Event "BL2-W9192"]
[Site "Germany"]
[Date "1992.??.??"]
[Round "?"]
[White "Kengis, Edvins"]
[Black "King, Daniel J"]
[Result "1-0"]
[WhiteElo "2580"]
[BlackElo "2505"]

1.Nf3 d5 2.g3 c6 3.Bg2 Bg4 4.O-O Nd7 5.d4 e6 6.Nbd2 Ngf6 7.c4 Bd6 8.b3 O-O
9.Bb2 Bxf3 10.exf3 e5 11.cxd5 cxd5 12.Re1 Re8 13.Nf1 e4 14.Ne3 Nb6 15.fxe4 dxe4
16.Re2 Rc8 17.Qe1 Bf8 18.Qa5 a6 19.Rd1 g6 20.d5 Bg7 21.Qb4 Nbd7 22.d6 b5
23.Red2 Rc6 24.a4 Qb8 25.axb5 axb5 26.Bxf6 Nxf6 27.d7 Rd8 28.Bxe4 Rc7 29.Nd5 Nxd5
30.Rxd5 Bf8 31.Qd2 b4 32.Qg5 Rc3 33.Rb5 Qc7 34.Rb7  1-0

[Event "BL2-W9192"]
[Site "Germany"]
[Date "1992.??.??"]
[Round "?"]
[White "Grimm, Sascha"]
[Black "Gerusel, Mathias"]
[Result "1/2-1/2"]
[WhiteElo "2300"]
[BlackElo "2355"]

1.Nf3 d5 2.g3 Bg4 3.Bg2 c6 4.O-O Nd7 5.d3 e6 6.Nbd2 Bd6 7.e4 Ne7 8.Qe1 O-O
9.h3 Bh5 10.Nh4 Ng6 11.Nxg6 Bxg6 12.f4 Re8 13.Nf3 h6 14.Kh1 dxe4 15.dxe4 Nc5
16.e5 Be7 17.Be3 a5 18.Nd2 a4 19.Bxc5 Bxc5 20.Ne4 Qb6 21.b3 Red8 22.Rd1 Rxd1
23.Qxd1 Rd8  1/2-1/2

[Event "BL2-S9192"]
[Site "Germany"]
[Date "1992.??.??"]
[Round "?"]
[White "Roth, Juergen"]
[Black "Mudelsee, Manfred"]
[Result "1/2-1/2"]
[WhiteElo "2245"]
[BlackElo "2260"]

1.Nf3 d5 2.g3 g6 3.Bg2 Bg7 4.O-O e5 5.d3 Ne7 6.Nbd2 O-O 7.e4 c6 8.c3 Nd7
9.d4 exd4 10.Nxd4 Nc5 11.Qc2 dxe4 12.Nxe4 Nxe4 13.Qxe4 Nf5 14.Nxf5 Bxf5 15.Qb4 Qb6
16.Qxb6 axb6 17.Be3 b5 18.Bc5 Rfd8 19.Rfd1 Be6  1/2-1/2

[Event "BL2-S9192"]
[Site "Germany"]
[Date "1992.??.??"]
[Round "?"]
[White "Roos, Daniel"]
[Black "Haba, Petr"]
[Result "1-0"]
[WhiteElo "2390"]
[BlackElo "2515"]

1.Nf3 d5 2.g3 Nf6 3.Bg2 c6 4.d3 h6 5.Nbd2 Bf5 6.O-O e6 7.b3 Be7 8.Bb2 O-O
9.Ne5 Nbd7 10.e4 Bh7 11.Qe2 Nxe5 12.Bxe5 d4 13.c3 dxc3 14.Bxc3 a5 15.Rfd1 Ne8
16.d4 a4 17.Nc4 Nc7 18.Rac1 Nb5 19.d5 Nxc3 20.Rxc3 exd5 21.exd5 cxd5 22.Bxd5 Qc7
23.Rcc1 axb3 24.axb3 Bg5 25.Ne3 Qb6 26.Qf3 Rae8 27.Rc3 Bf6 28.Rc4 Qxb3 29.Rc7 Qa3
30.Rxb7 Re7 31.Nf5 Qxf3 32.Nxe7+ Bxe7 33.Bxf3 Bf6 34.Rdd7 Bf5 35.Rdc7 Be6
36.Ra7 Be5 37.Rc1 g6 38.Ra8 h5 39.Rd1 Rxa8 40.Bxa8 Kg7 41.Bd5 Bf5 42.Re1 Bd6
43.Ra1 g5 44.Ra6 Be5 45.Ra7 Bg6 46.Kg2 Kf8 47.f3 f6 48.Rb7 Be8 49.h3 Bg6
50.g4 h4 51.Bc4 Be8 52.Kf2 Bc6 53.Rh7 Bd4+ 54.Ke2 Be5 55.Ra7 Be8 56.Ke3 Bh2
57.Kd3 Bg6+ 58.Kc3 Be8 59.Be2 Bf7 60.Kb4 Bf4 61.Bd3 Be3 62.Rc7 Bf4 63.Ra7 Be3
64.Ra6 Ke7 65.Bc4  1-0

[Event "BL2-S9192"]
[Site "Germany"]
[Date "1992.??.??"]
[Round "?"]
[White "Mack, Peter"]
[Black "Mudelsee, Manfred"]
[Result "0-1"]
[WhiteElo "2285"]
[BlackElo "2260"]

1.Nf3 d5 2.g3 g6 3.Bg2 Bg7 4.d4 Nf6 5.c4 O-O 6.O-O Nc6 7.cxd5 Nxd5 8.e4 Nb6
9.d5 Na5 10.Nc3 c6 11.Nd4 cxd5 12.exd5 e5 13.Nde2 Nac4 14.b3 Nd6 15.Ba3 Bf5
16.Qd2 Qd7 17.Rac1 Nbc4 18.bxc4 Nxc4 19.Qd1 Nxa3 20.Qb3 Qd6 21.Ne4 Qa6 22.Rfe1 Nb5
23.Rc5 Bxe4 24.Rxb5 Bxg2 25.Kxg2 b6 26.a4 Rad8 27.Nc1 Rfe8 28.Rd1 e4 29.Na2 Qc8
30.Rc1 Qf5 31.Qe3 Rxd5  0-1

[Event "BL2-S9192"]
[Site "Germany"]
[Date "1992.??.??"]
[Round "?"]
[White "Hoensch, Matthias"]
[Black "Beikert, Guenther"]
[Result "0-1"]
[WhiteElo "2310"]
[BlackElo "2350"]

1.Nf3 d5 2.g3 Nf6 3.Bg2 e6 4.b3 Be7 5.Bb2 O-O 6.O-O c5 7.c4 Nc6 8.e3 b6 9.Qe2 Ba6
10.Rd1 Qc7 11.Nc3 Rad8 12.d3 d4 13.exd4 Nxd4 14.Nxd4 cxd4 15.Ne4 Bb7 16.Nxf6+ Bxf6
17.b4 e5 18.Re1 Bxg2 19.Kxg2 Rfe8 20.Qf3 Be7 21.b5 g6 22.h4 h5 23.a4 Bb4
24.Re2 Re6 25.Kh2 Qe7 26.Qh1 f5 27.Bc1 Qe8 28.Bg5 Rd7 29.Rb1 Bc5 30.Qe1 e4
31.f3 Be7 32.Bf4 Bf6 33.fxe4 Rde7 34.e5 Bxe5 35.Bxe5 Rxe5 36.Rxe5 Rxe5 37.Qh1 Re2+
38.Kh3 f4 39.Qd5+ Kh7 40.Qb7+ Kh6 41.Qc6 Qe3  0-1

[Event "BL2-O9192"]
[Site "Germany"]
[Date "1992.??.??"]
[Round "?"]
[White "Cabrilo, Goran"]
[Black "Dobrovolsky, Ladislav"]
[Result "1/2-1/2"]
[WhiteElo "2520"]
[BlackElo "2380"]

1.Nf3 d5 2.g3 Nf6 3.Bg2 e6 4.O-O Be7 5.d3 O-O 6.Nbd2 Nc6 7.c4 d4 8.b3 e5
9.a3 a5 10.Rb1 Re8 11.Ne1 Bf5 12.Nc2 Qd7 13.Re1 Bh3 14.Bh1 Ng4 15.b4 axb4
16.axb4 Qf5 17.Ne4 Qg6 18.f3 Nf6 19.Nf2 Be6 20.Bd2 h5 21.Bg2 h4 22.g4 Nh7
23.h3 Bg5 24.b5 Nd8 25.f4 Bxf4 26.Bxf4 exf4 27.Nxd4 f5 28.Ra1 Rxa1 29.Qxa1 fxg4
30.Nxe6 Nxe6 31.Nxg4 Neg5 32.Kh1 Nf6 33.Nxf6+ gxf6 34.Qd4 Ne6 35.Qf2 Qg3
36.Rf1 Kg7 37.Qxg3+ fxg3 38.Bxb7 Ng5 39.e4 Nxh3 40.Kg2 Nf2 41.Rxf2 gxf2 42.Kxf2 Kf7
43.Bd5+ Ke7 44.Kg2 Rh8 45.Kh3 Rh5 46.c5 Rh8  1/2-1/2

[Event "BL2-N9192"]
[Site "Germany"]
[Date "1992.??.??"]
[Round "?"]
[White "Urban, Julian"]
[Black "Federau, Juergen"]
[Result "1-0"]
[WhiteElo "2405"]
[BlackElo "2315"]

1.Nf3 d5 2.g3 Bg4 3.Bg2 Nd7 4.d4 e6 5.O-O Ngf6 6.c4 Be7 7.Nbd2 O-O 8.h3 Bxf3
9.Nxf3 dxc4 10.Qc2 c5 11.Qxc4 Rc8 12.Qa4 Qb6 13.Ne5 Nxe5 14.dxe5 Nd5 15.Qg4 Rfd8
16.Rd1 Qb4 17.Be4 Nc7 18.Bh6 Ne8 19.b3 Rd4 20.Rxd4 Qxd4 21.Rc1 b6 22.Bxh7+  1-0

[Event "BL2-N9192"]
[Site "Germany"]
[Date "1992.??.??"]
[Round "?"]
[White "Glienke, Manfred"]
[Black "Brameyer, Hermann"]
[Result "1/2-1/2"]
[WhiteElo "2280"]
[BlackElo "2295"]

1.Nf3 d5 2.g3 c5 3.Bg2 Nc6 4.O-O Bg4 5.d3 Nf6 6.h3 Bxf3 7.Bxf3 e6 8.Bg2 Be7
9.Nd2 O-O 10.e4 Qc7 11.c3 b5 12.f4 dxe4 13.dxe4 e5 14.Qe2 c4 15.Re1 Nd7 16.Nf1 Nc5
17.Ne3 Nd3 18.Nd5 Bc5+ 19.Kh2 Qd6 20.Rf1 exf4 21.Bxf4 Nce5 22.b4 Bb6 23.a4 bxa4
24.Rxa4 Rae8 25.Be3 Nd7 26.Qa2 h5 27.Bf4 N7e5 28.Ra6 h4 29.Kh1 Re6 30.Be3 Qd8
31.g4 Rfe8 32.Bxb6 axb6 33.Ne3 Rc6 34.Ra7 Rc7 35.Ra6 Rc6 36.Ra7 Qg5 37.Nd5 Rh6
38.Ra8 Rxa8 39.Qxa8+ Kh7 40.Qc8 Re6 41.Rxf7 Rc6 42.Qf5+ Qxf5 43.Rxf5 g6 44.Rf8 Kh6
45.Rb8 Nd7 46.Rb7 Rd6 47.Kg1 Kg5 48.Kf1 Nf4 49.Kf2 Nxd5 50.exd5 Kf4 51.Rc7 Ne5
52.Re7 Nd3+ 53.Kg1 b5 54.Re6 Rd7 55.d6 Ne5 56.Rf6+ Kg3 57.Re6 Kf4 58.Rf6+ Kg3
59.Re6 Kf4  1/2-1/2

[Event "Goch op"]
[Site "Goch"]
[Date "1992.??.??"]
[Round "5"]
[White "Jankovskis, Guntis"]
[Black "Dobosz, Henryk"]
[Result "1/2-1/2"]
[WhiteElo "2310"]
[BlackElo "2420"]

1.Nf3 d5 2.g3 Bg4 3.Bg2 Nd7 4.c4 e6 5.O-O c6 6.b3 Ngf6 7.Bb2 Bd6 8.d3 Qe7
9.Nbd2 Ba3 10.Qc1 Bxb2 11.Qxb2 O-O 12.Rac1 a5 13.cxd5 exd5 14.Rfe1 Rfe8 15.h3 Bxf3
16.Nxf3 Nc5 17.Qc3 Na6 18.Qb2  1/2-1/2

[Event "Graz"]
[Site "Graz"]
[Date "1992.??.??"]
[Round "4"]
[White "Frosch, Erich"]
[Black "Felsberger, Alfred"]
[Result "0-1"]
[WhiteElo "2360"]
[BlackElo "2315"]

1.Nf3 d5 2.g3 c6 3.Bg2 Bg4 4.O-O Nd7 5.d4 e6 6.Bf4 Ngf6 7.Nbd2 Be7 8.Re1 O-O
9.c3 h6 10.Qc1 c5 11.dxc5 Nxc5 12.Nf1 Re8 13.h3 Bf5 14.g4 Bh7 15.Ng3 Nce4
16.g5 hxg5 17.Nxg5 Nxg3 18.Bxg3 Bg6 19.h4 Nh5 20.Bh2 Bd6 21.Bxd6 Qxd6 22.e4 dxe4
23.Bxe4 Bxe4 24.Rxe4 Rad8 25.Qe3 Qd3 26.Qxd3 Rxd3 27.Rae1 Red8 28.Rc4 R3d7
29.Kf1 e5 30.a4 f6 31.Ne4 Nf4 32.b4 b6 33.Ng3 Rd2 34.Rc7 R8d7 35.Rxd7 Rxd7
36.Ne4 Kf7 37.Rc1 f5 38.Ng3 Ke6 39.Ne2 Nd5 40.Kg2 Rc7 41.Kg3 Rc4 42.f3 a6
43.Kh3 b5 44.a5 Kf6 45.h5 Nf4+ 46.Nxf4 Rxf4 47.Kg3 Rc4 48.Rd1 Rxc3 49.Rd6+ Kg5
50.Rxa6 e4 51.Rg6+ Kxh5 52.Rb6 Rxf3+ 53.Kg2 Ra3 54.Rxb5 Kg4 55.Rb6 Ra2+ 56.Kg1 g5
57.a6 f4 58.b5 Kg3 59.Kf1 f3  0-1

[Event "Graz-ch"]
[Site "Graz"]
[Date "1992.??.??"]
[Round "8"]
[White "Ebner, Walter"]
[Black "Bizjak, Drago"]
[Result "1-0"]
[WhiteElo "2190"]
[BlackElo "2050"]

1.Nf3 d5 2.g3 Nf6 3.Bg2 e6 4.b3 c5 5.O-O Nc6 6.e3 Be7 7.Bb2 O-O 8.d3 Qc7
9.Nbd2 e5 10.h3 Re8 11.d4 cxd4 12.exd4 e4 13.Ne5 Bd6 14.c4 Nxe5 15.dxe5 Bxe5
16.Bxe5 Qxe5 17.cxd5 Qxd5 18.Nxe4 Qe5 19.Re1 Bf5 20.Nd6 Qxe1+ 21.Qxe1 Rxe1+
22.Rxe1 Be6 23.Nxb7 Rc8 24.Rd1 Kf8 25.Rd8+ Ke7 26.Rxc8 Bxc8 27.f4 Kd7 28.Kf2 Kc7
29.Nc5 Kd6 30.Nd3 Nd7 31.Ke3 f6 32.Kd4 a5 33.Nb2 Nb6 34.g4 Ba6 35.Nc4+ Bxc4
36.bxc4 Nd7 37.h4 Nc5 38.Bd5 Nd7 39.h5 Nc5 40.Bg8 h6 41.Bd5 Nd7 42.Ke4 Nc5+
43.Kf5 Ke7 44.g5 hxg5 45.fxg5 fxg5 46.Kxg5 Nd7 47.Kg6 Kf8 48.Be6 Nc5 49.Bh3 Ne4
50.Bg2 Nc5 51.Kf5 Ke7 52.Bh3 Nd3 53.Bg4 Kd6 54.Bd1 Ke7 55.a3 Nc5 56.Ke5 Kd7
57.Kd5 Nd3 58.Bf3 Ke7 59.Kd4 Nf4 60.Kc5 Nd3+ 61.Kb5 Ne5 62.Be2 Kd6 63.Bf1 Nd7
64.Kxa5 Kc5 65.Ka4 Nf6 66.Be2 Ne4 67.Kb3 Nd2+ 68.Kc2 Ne4 69.Kd3 Ng3 70.Ke3 Nf5+
71.Kf4 Nd4 72.Bd3  1-0

[Event "Groningen op"]
[Site "Groningen"]
[Date "1992.??.??"]
[Round "8"]
[White "Schiffer, Kai Uwe"]
[Black "Sakaev, Konstantin"]
[Result "0-1"]
[WhiteElo "2290"]
[BlackElo "2540"]

1.Nf3 d5 2.g3 c5 3.c4 d4 4.b4 cxb4 5.a3 bxa3 6.Bg2 Nc6 7.Bxa3 g6 8.d3 Bg7
9.Nbd2 Nf6 10.Nb3 O-O 11.O-O Re8 12.Ra2 e5 13.Nfd2 Qc7 14.Nc5 Bf8 15.Nde4 Nh5
16.Qa4 f5 17.Ng5 Bxc5 18.Bd5+ Kg7 19.Bxc5 Nf6 20.f4 Nd7 21.Ba3 Nb6 22.Qc2 Bd7
23.fxe5 Qxe5 24.Nf3 Qe3+ 25.Kh1 Rac8 26.Bb2 h6 27.Rxa7 Nxd5  0-1

[Event "Groningen op"]
[Site "Groningen"]
[Date "1992.??.??"]
[Round "9"]
[White "Troyke, Christian"]
[Black "Finegold, Benjamin"]
[Result "0-1"]
[WhiteElo "2340"]
[BlackElo "2490"]

1.g3 d5 2.Nf3 Nf6 3.Bg2 c6 4.O-O Bg4 5.b3 Nbd7 6.Bb2 e6 7.c4 Bd6 8.d3 O-O
9.Nbd2 Qe7 10.a3 a5 11.Qc2 e5 12.e4 dxe4 13.Nxe4 Nxe4 14.dxe4 Rfd8 15.Ne1 f6
16.Bf3 Bxf3 17.Nxf3 Nf8 18.Rfd1 Bc5 19.Rxd8 Rxd8 20.Bc3 b6 21.Qb2 Rd3 22.Ne1 Rxc3
23.Qxc3 Bd4 24.Qc1 Bxa1 25.Qxa1 Ne6 26.Qb2 Ng5 27.f3 Qc5+ 28.Kg2 Qe3 29.Qf2 Qxb3
30.Qd2 h6 31.Qd3 Qb2+ 32.Kf1 Qxh2 33.Qd8+ Kh7 34.Qxb6 Nh3 35.g4 Nf4 36.Qf2 Qh3+
37.Kg1 h5 38.gxh5 Qe6 39.Qc5 Qd7 40.Kf1 Qh3+ 41.Kg1 Qg3+ 42.Kf1 Qxe1+  0-1

[Event "Guarapuava op"]
[Site "Guarapuava"]
[Date "1992.??.??"]
[Round "?"]
[White "Braga, Cicero"]
[Black "Lehtivaara, Risto"]
[Result "1-0"]
[WhiteElo "2365"]
[BlackElo "2310"]

1.g3 d5 2.Nf3 Nf6 3.Bg2 e6 4.O-O Be7 5.b3 O-O 6.c4 b6 7.Bb2 Bb7 8.e3 c5 9.Nc3 Nc6
10.cxd5 Nxd5 11.Nxd5 Qxd5 12.d4 Qd8 13.dxc5 Bxc5 14.Ne5 Nxe5 15.Bxb7 Rb8
16.Be4 Nd7 17.b4 Be7 18.Qa4 Bf6 19.Rad1 Bxb2 20.Rxd7 Qc8 21.Qxa7 Qc4 22.Bg2 f5
23.a3 Qb3 24.Rb1 Qa2 25.Rbd1 Bf6 26.R7d6 Qb3 27.Bf3 Kh8 28.Rxb6 Ra8 29.Bxa8 Qxd1+
30.Kg2 Qd8 31.Ra6 e5 32.Qc5 e4 33.Bb7 Be7 34.Qd5 Qc7 35.Ra8 g6 36.Qd4+  1-0

[Event "Gyor opJ"]
[Site "Gyor"]
[Date "1992.??.??"]
[Round "?"]
[White "Horvath, Peter"]
[Black "Tomcsanyi, Peter"]
[Result "0-1"]
[WhiteElo "2365"]
[BlackElo "2235"]

1.Nf3 d5 2.g3 Nf6 3.Bg2 Bf5 4.b3 e6 5.Bb2 Be7 6.d3 h6 7.Nbd2 c5 8.O-O O-O
9.Re1 Nc6 10.e4 dxe4 11.dxe4 Bg4 12.Qc1 Qc7 13.e5 Nd5 14.a3 Rfd8 15.h3 Bh5
16.g4 Bg6 17.Ne4 c4 18.bxc4 Nb6 19.Qf4 Na5 20.c5 Nd5 21.Qg3 Bxe4 22.Rxe4 Qxc5
23.c4 Nxc4 24.Bd4 Qb5 25.g5 h5 26.g6 Qe8 27.h4 Na5 28.Rae1 Nb3 29.Ng5 Bxg5
30.Qxb3 Bh6 31.Qxb7 fxg6 32.Bc5 Nf4 33.Rxf4 Bxf4 34.Bc6 Qf7 35.Qxf7+ Kxf7
36.Bxa8 Rxa8 37.Rb1 Bxe5 38.Rb7+ Kf6 39.Bxa7 Kf5 40.a4 Bc3 41.Rc7 Ke4 42.Bb6 Ra6
43.Rc4+ Kd3 44.Rc6 Ba5 45.Rd6+ Kc2 46.Bc7 Rxd6 47.Bxd6 Kb3 48.Kg2 Kxa4 49.Bg3 Kb5
50.Kf3 Kc6 51.Ke4 Bd8 52.f4 Bf6 53.Bf2 Kd6 54.Bg3 Kc5 55.Bf2+ Kc4 56.Be1 Bb2
57.Bf2 Bc3 58.Bg3 Bd4 59.Be1 Bf6 60.Bg3 Kc3 61.Ke3 Kc2 62.Ke2 Bb2 63.Bf2 e5
64.fxe5 Bxe5 65.Be1 Bf6 66.Bg3 g5 67.hxg5 Bxg5 68.Be1 g6 69.Ba5 Kb3 70.Kd3 Ka4
71.Be1 Kb5 72.Kd4 Kc6 73.Ke5 Kd7 74.Bb4 Bh4 75.Bc5 Be7 76.Bf2 Ke8 77.Ke6 Kf8
78.Be3 Bh4 79.Bd4 Bg5 80.Be5 Kg8 81.Bd4 Kh7 82.Ke5 Kg7 83.Ke4+ Kf7 84.Kf3 Ke6
85.Kg3 Kf5 86.Bf2 Bd2 87.Kf3 g5 88.Bh4 g4+ 89.Kg2 Bg5 90.Be1 h4 91.Bf2 Kf4
92.Be1 g3 93.Kh3 Bf6 94.Bb4 Kf3 95.Bc5 Bg5 96.Bd6 Bf4 97.Be7 Be3 98.Bd6 g2  0-1